Biggest Cities in the United States in 1900 - Statistics

General Stats
  • This quiz has been taken 13 times
  • The average score is 84 of 100
Answer Stats
Population State City % Correct
42,728 OH Akron
100%
94,151 NY Albany
100%
89,872 GA Atlanta
100%
39,441 GA Augusta
100%
508,957 MD Baltimore
100%
38,415 AL Birmingham
100%
560,892 MA Boston
100%
352,387 NY Buffalo
100%
55,807 SC Charleston
100%
1,698,575 IL Chicago
100%
325,902 OH Cincinnati
100%
391,768 OH Cleveland
100%
42,638 TX Dallas
100%
133,859 CO Denver
100%
62,139 IA Des Moines
100%
285,704 MI Detroit
100%
87,565 MI Grand Rapids
100%
44,633 TX Houston
100%
169,164 IN Indianapolis
100%
206,433 NJ Jersey City
100%
163,752 MO Kansas City
100%
51,418 KS Kansas City
100%
40,169 NE Lincoln
100%
38,307 AR Little Rock
100%
102,497 CA Los Angeles
100%
204,731 KY Louisville
100%
202,718 MN Minneapolis
100%
80,865 TN Nashville
100%
287,104 LA New Orleans
100%
3,437,202 NY New York
100%
46,624 VA Norfolk
100%
102,555 NE Omaha
100%
1,293,697 PA Philadelphia
100%
321,616 PA Pittsburgh
100%
90,426 OR Portland
100%
50,145 ME Portland
100%
175,597 RI Providence
100%
85,050 VA Richmond
100%
162,608 NY Rochester
100%
53,531 UT Salt Lake City
100%
342,782 CA San Francisco
100%
80,671 WA Seattle
100%
62,059 MA Springfield
100%
575,238 MO St. Louis
100%
131,822 OH Toledo
100%
73,307 NJ Trenton
100%
278,718 DC Washington
100%
118,421 MA Worcester
100%
125,560 OH Columbus
92%
52,733 PA Erie
92%
45,115 IN Fort Wayne
92%
79,850 CT Hartford
92%
56,987 NH Manchester
92%
102,320 TN Memphis
92%
163,065 MN Saint Paul
92%
70,996 CT Bridgeport
83%
91,886 MA Cambridge
83%
85,333 OH Dayton
83%
52,696 MN Duluth
83%
50,167 PA Harrisburg
83%
38,469 AL Mobile
83%
246,070 NJ Newark
83%
108,027 CT New Haven
83%
105,171 NJ Paterson
83%
108,374 NY Syracuse
83%
47,931 NY Yonkers
83%
52,130 NJ Elizabeth
75%
94,969 MA Lowell
75%
68,513 MA Lynn
75%
62,442 MA New Bedford
75%
66,960 CA Oakland
75%
39,231 RI Pawtucket
75%
56,100 IL Peoria
75%
78,961 PA Reading
75%
53,321 TX San Antonio
75%
102,026 PA Scranton
75%
38,878 WV Wheeling
75%
76,508 DE Wilmington
75%
39,647 NY Binghamton
67%
40,063 MA Brockton
67%
59,007 IN Evansville
67%
41,459 PA Lancaster
67%
54,244 GA Savannah
67%
60,651 NY Troy
67%
45,859 CT Waterbury
67%
104,863 MA Fall River
58%
44,885 OH Youngstown
58%
75,935 NJ Camden
50%
42,938 KY Covington
50%
45,712 MA Holyoke
50%
62,559 MA Lawrence
50%
56,383 NY Utica
50%
51,721 PA Wilkes-Barre
50%
38,973 PA Altoona
42%
285,315 WI Milwaukee
42%
42,345 MI Saginaw
42%
61,643 MA Somerville
42%
129,896 PA Allegheny
33%
59,364 NJ Hoboken
33%
102,979 MO St. Joseph
33%
No matching quizzes found
Score Distribution
Percent of People with Each Score
Percentile by Number Answered
Your Score History
You have not taken this quiz